00783nam a22002171 4500001000700000003000900007005001700016008004100033080002300074100002000097245010700117260004300224300007500267490003300342500003800375504002800413600002100441700003000462830003300492852004000525176844ES-MaACL20230906220209.0110214s1959 sp af ||||0| spa d a75 Rousseau, Henri1 aWerner, Alfred.10aHenri Rousseau b: 1844-1926 / ctexto de Alfred Werner ; versión castellana de R. Santos Torroella. aBarcelona : bTimun Mas, cD. L. 1959. a[1] h. , [72] p. : bil. , lám. col. y n. , algunas pleg. ; c18 cm.1 aEl libro de arte de bolsillo aEncuadernado con otros títulos. aBibliografía: p. [72]14aRousseau, Henri.1 aSantos Torroella, Rafael.0 aEl libro de arte de bolsillo aES-MaACLjE-14308 (16) xOlim P-144